A Textbook of Power plant engineering (Record no. 67908)
[ view plain ]
| 000 -LEADER | |
|---|---|
| fixed length control field | 00687nam a22001937a 4500 |
| 003 - CONTROL NUMBER IDENTIFIER | |
| control field | NUST-PNEC |
| 005 - DATE AND TIME OF LATEST TRANSACTION | |
| control field | 20170116181035.0 |
| 008 - FIXED-LENGTH DATA ELEMENTS--GENERAL INFORMATION | |
| fixed length control field | 140714b xxu||||| |||| 00| 0 eng d |
| 020 ## - INTERNATIONAL STANDARD BOOK NUMBER | |
| International Standard Book Number | 8131802558 |
| 040 ## - CATALOGING SOURCE | |
| Transcribing agency | LIBRARY |
| 082 ## - DEWEY DECIMAL CLASSIFICATION NUMBER | |
| Classification number | 621.4 RAJ |
| 100 ## - MAIN ENTRY--PERSONAL NAME | |
| 9 (RLIN) | 154 |
| Personal name | Rajput, R.K. |
| 245 ## - TITLE STATEMENT | |
| Title | A Textbook of Power plant engineering |
| Statement of responsibility, etc. | R.K.Rajput |
| 260 ## - PUBLICATION, DISTRIBUTION, ETC. | |
| Place of publication, distribution, etc. | New Delhi |
| Name of publisher, distributor, etc. | Laxmi Publications (December 1, 2007) |
| 300 ## - PHYSICAL DESCRIPTION | |
| Extent | xx, 975p.: |
| Other physical details | ill.: |
| Dimensions | 25 cm. |
| 500 ## - GENERAL NOTE | |
| General note | Includes Index http://www.amazon.com/Textbook-Power-Plant-Engineering-Rajput/dp/8131802558/ref=sr_1_1?s=books&ie=UTF8&qid=1405319914&sr=1-1&keywords=power+plant+engineering+by+rajput |
| 650 ## - SUBJECT ADDED ENTRY--TOPICAL TERM | |
| General subdivision | EE, EL |
| 942 ## - ADDED ENTRY ELEMENTS (KOHA) | |
| Source of classification or shelving scheme | |
| Koha item type | Book |
| Withdrawn status | Lost status | Source of classification or shelving scheme | Damaged status | Not for loan | Permanent Location | Current Location | Shelving location | Date acquired | Total Checkouts | Full call number | Barcode | Date last seen | Price effective from | Koha item type |
|---|---|---|---|---|---|---|---|---|---|---|---|---|---|---|
| Pakistan Navy Engineering College (PNEC) | Pakistan Navy Engineering College (PNEC) | 621.4 RAJ | PNECLIB-026427 | 09/19/2015 | Book |
